Загрузка...
RASAKAMADHENU
| Главный автор: | |
|---|---|
| Формат: | Printed Book |
| Опубликовано: |
BOMBAY
SUBODHINI PRESS
|
| Предметы: |
| LEADER | 00375nam a2200169 4500 | ||
|---|---|---|---|
| 020 | |||
| 082 | |||
| 100 | |a CUDAMANI | ||
| 245 | |a RASAKAMADHENU |h SANSKRTI | ||
| 250 | |||
| 260 | |a BOMBAY |b SUBODHINI PRESS | ||
| 300 | |f HB | ||
| 650 | |a RASAKAMADHENU | ||
| 700 | |||
| 942 | |c BK | ||
| 999 | |c 163923 |d 163923 | ||
| 952 | |0 0 |1 0 |4 0 |7 0 |9 177375 |a ORI |b ORI |l 0 |p ORIS646 |r 2019-10-25 |w 2019-10-25 |y BK | ||